000 00592nam a22001697a 4500
003 NUST
038 _aNusrat Nadeem
082 _a200
100 _aBilal, Dania
_9120165
245 _aFACILITATORS AND BARRIERS TO THE MASS ADOPTION OF BLOCKCHAIN TECHNOLOGY: AN ORGANIZATIONAL LEVEL PERSPECTIVE/
_cDania Bilal
264 _aIslamabad,
_bNBS NUST,
_c2023.
300 _aill:
_b77,p:
_c30,cm.
650 _aMS-Innovation and Entrepreneurship
_9114384
700 _aSupervisor: Dr. Owais Anwar Golra
_9114398
856 _u http://10.250.8.41:8080/xmlui/handle/123456789/41479
942 _2ddc
_cSC
999 _c607585
_d607585